|
|
|
|
| LEADER |
00000nam a2200000 a 4500 |
| 001 |
vtls001174544 |
| 003 |
SK-MaSNL |
| 005 |
20260301112142.0 |
| 008 |
251113s1995 xo a r y 0 slo |
| 015 |
|
|
|a SNBA1996/0400907
|
| 020 |
|
|
|a 8085711044
|
| 035 |
|
|
|a SNK000117538
|
| 040 |
|
|
|a SNK
|b slo
|c SNK
|e AACR2
|
| 041 |
0 |
|
|a slo
|
| 044 |
|
|
|a xo
|c SK
|
| 080 |
|
|
|a 638.135(035)
|2 1981
|
| 100 |
1 |
|
|a Nowottnick, Klaus
|4 aut
|9 452423
|
| 240 |
1 |
0 |
|a Propolis
|l Slovensky
|
| 245 |
1 |
|
|a Propolis
|b získavanie - recepty - použitie
|c Klaus Nowottnick ; [preložila Adela Pagáčová]
|
| 250 |
|
|
|a 1. vyd.
|
| 260 |
|
|
|a Bratislava
|b Slovo
|c 1995
|
| 300 |
|
|
|a 91 s.
|b Fotogr., sch.
|c 18 cm
|
| 490 |
1 |
|
|a Knižnica včelára
|
| 500 |
|
|
|a Údaj o prekl. zistený z rubu tit. strany
|
| 504 |
|
|
|a Bibliogr. s. 85-91
|
| 650 |
0 |
7 |
|a propolis
|2 SNK
|9 13405
|
| 655 |
|
7 |
|a príručky
|2 SNK
|9 74364
|
| 700 |
1 |
|
|a Pagáčová, Adela
|4 trl
|9 46114
|
| 830 |
|
0 |
|a Knižnica včelára
|9 266105
|
| 919 |
|
|
|a 80-85711-04-4
|
| 958 |
|
|
|a TL
|
| 958 |
|
|
|a OP
|
| 958 |
|
|
|a NS
|
| 958 |
|
|
|a NB
|
| 958 |
|
|
|a DE
|
| 968 |
|
|
|b DT
|
| 999 |
|
|
|c 709643
|d 711573
|
| 952 |
|
|
|t P60, <09>, [BOOK], {629}
|a SNK
|b SNK
|y NEVYP
|7 0
|o snkD 86
|i snk732/960219
|0 0
|1 0
|4 0
|d 1996-02-16
|l 0
|r 2005-01-01 00:00:00
|w 2026-02-23
|
| 952 |
|
|
|t P60, <03>, [BOOK], {603}
|a SNK
|b SNK
|y PREZ
|7 0
|p 17A0000324
|o snkSD 67652
|i snkKSP 02070/96
|0 0
|1 0
|4 0
|d 1996-02-16
|l 0
|r 2005-01-01 00:00:00
|w 2026-02-23
|
| 952 |
|
|
|t P60, <04>, [BOOK], {604}
|a SNK
|b SNK
|y VYP
|7 0
|p 17A0000325
|o snkSD 67652 D1
|i snkKSP 02071/96
|0 0
|1 0
|4 0
|d 1996-02-16
|l 0
|r 2005-01-01 00:00:00
|w 2026-02-23
|